| 000 | 01068nam a22002175i 4500 | ||
|---|---|---|---|
| 001 | 166938 | ||
| 003 | ES-MaACL | ||
| 005 | 20250929063246.0 | ||
| 008 | 050921m18601861fr | |||||||| ||spa d | ||
| 040 |
_aCAM _bspa _cCAM |
||
| 100 | 1 |
_aValleix, François-Louis-Isidore, _d1807-1855 _9133519 |
|
| 245 | 1 | 0 |
_aGuide du médecin praticien ou Résume général de pathologie interne et de thérapeutique appliquées / _cpar F.-L.-I. Valleix. |
| 250 | _a4e éd. rev., aug. et contenant le résumé des travaux les plus récents / par V.-A. Racle, P. Lorain. | ||
| 260 |
_aParis [etc.] : _bJ.-B. Baillière et fils [etc.], _c1860-1861 ( _fImprimerie de L. Martinet) |
||
| 300 |
_a5 v. ; _c22 cm. |
||
| 597 | _aT.I (XVI, 918 p.) - T.II (828 p.) - T.III (888 p.) - T.IV (859 p.) - T.V (768 p.) | ||
| 650 | 0 | 7 |
_aMedicina _2embne _914891 |
| 700 | 1 |
_aRacle, V.-A., _eed. lit. _9233482 |
|
| 852 |
_aES-MaACL _jG-14965-69 _z-- Enc. hol. _z-- Enc. con el t.V, 48 p. del "Catalogue des livres de médecine ... J.-B. Baillière et fils", 1862 |
||
| 999 |
_c166938 _d166938 |
||